Sakshya vidhi (Record no. 120732)

MARC details
000 -LEADER
fixed length control field 00372nam a2200157Ia 4500
008 - FIXED-LENGTH DATA ELEMENTS--GENERAL INFORMATION
fixed length control field 230917s9999||||xx |||||||||||||| ||und||
040 ## - CATALOGING SOURCE
-- 171254
Original cataloging agency VIVEKANANDA LIBRARY
041 ## - Language
-- English
082 ## - DDC NUMBER
Classification number 345.06 A92S(14)
100 ## - MAIN ENTRY--PERSONAL NAME
Personal name Avtar Singh
245 #0 - TITLE STATEMENT
Title Sakshya vidhi
250 ## - EDITION STATEMENT
Edition statement 14th ed.
260 ## - PUBLICATION, DISTRIBUTION, ETC. (IMPRINT)
Place of publication, distribution, etc Allahabad
Name of publisher, distributor, etc Central Law Agency
Date of publication, distribution, etc 2004
300 ## - PHYSICAL DESCRIPTION
Pages 492 p.
942 ## - ADDED ENTRY ELEMENTS (KOHA)
Koha item type Books
Holdings
Withdrawn status Lost status Damaged status Not for loan Location (home branch) Sublocation or collection (holding branch) Date acquired Koha issues (times borrowed) Koha full call number Accession No. Koha date last seen Koha item type
        VIVEKANANDA LIBRARY VIVEKANANDA LIBRARY 09/12/2010   345.06 A92S(14) 213508 17/09/2023 Books
© Designed and Maintained by Vivekananda Library, MDU Rohtak